000 00287nam a22001337a 4500
008 181016b xxu||||| |||| 00| 0 eng d
020 _a9780840396624
041 _aeng
080 _28 ed
_a573
100 _a11
101 _aBIO
245 _aBscs Biology
_cMark.B
942 _2udc
_cBK
999 _c49938
_d49938